|
|
|
|
| LEADER |
00000nam a2200000 4500 |
| 008 |
160128b2015 cr ||||| |||| 00| | spa d |
| 999 |
|
|
|c 3048
|d 3048
|
| 090 |
|
|
|a Tesis # 60
|
| 100 |
1 |
|
|9 1362
|a Brenes Araya, Juan Manuel
|
| 245 |
1 |
3 |
|a El contenido de legislación laboral costarricense en el marco de cambio del programa de estudio vigente de educación cívica: un análisis crítico /
|c Juan Manuel Brenes Araya, María Gómez Loaiza, Esteban Guillén Jiménez
|
| 260 |
|
|
|a San José, Costa Rica,
|c 2015
|
| 300 |
|
|
|a 205 páginas
|
| 502 |
|
|
|a Proyecto de graduación (licenciatura en la enseñanza de los estudios sociales y la educación cívica)--Universidad de Costa Rica. Facultad de Educación. Escuela de Formación Docente, 2015.
|
| 650 |
1 |
4 |
|9 1363
|a EDUCACIÓN CÍVICA
|
| 650 |
1 |
4 |
|9 451
|a POLÍTICA EDUCATIVA
|
| 650 |
1 |
4 |
|9 1364
|a PROGRAMA DE ESTUDIOS
|
| 650 |
1 |
4 |
|9 1365
|a LEGISLACIÓN DEL TRABAJO
|
| 651 |
|
0 |
|9 47
|a COSTA RICA
|
| 700 |
1 |
|
|9 1366
|a Gómez Loaiza, María
|
| 700 |
1 |
|
|9 1367
|a Guillén Jiménez, Esteban
|
| 942 |
|
|
|i 004086
|h Tesis # 60
|2 z
|c 02
|